000 00492nam a2200205Ia 4500
999 _c5488
_d5488
003 0100
008 130227s9999 xx 000 0 und d
040 _cARRUPELIB
050 _aB765.T531L887
100 _aStephen J. Loughlin
_937162
245 _aAquinas' summa theologiae
260 _aLondon
260 _bT and T Clark
300 _ax
300 _b 323p. 22cm.
600 _aThomas Aquinas, St. . Summa theologiae
_937142
942 _2lcc
_04
_cMONOGRAPH